Loading...
| Philosophy | 0 | 5 | 0 | 0 | 50 | 19 | 46.60 | 4 | 5 | 16.33 | 27.50 |
| History - European | 0 | 3 | 0 | 0 | 30 | 40 | 49.33 | 0 | 3 | 29.03 | 60.00 |
| Literature - World | 0 | 3 | 1 | 1 | 25 | 87 | 101.00 | 0 | 1 | 0.00 | 2.50 |
| Mythology | 0 | 2 | 0 | 0 | 20 | 75 | 99.50 | 0 | 0 | 6.14 | 17.50 |
| Literature - European | 0 | 2 | 0 | 0 | 20 | 67 | 91.50 | 1 | 2 | 0.08 | 5.00 |
| History - World | 0 | 2 | 1 | 0 | 15 | 35 | 62.50 | 0 | 1 | 9.02 | 25.00 |
| Social Science | 0 | 1 | 0 | 0 | 10 | 29 | 29.00 | 1 | 1 | 19.34 | 45.00 |
| Fine Arts - Other | 0 | 1 | 0 | 1 | 10 | 98 | 98.00 | 0 | 0 | 3.78 | 10.00 |
| History - Other | 0 | 2 | 2 | 0 | 10 | 49 | 57.50 | 1 | 1 | 4.06 | 12.50 |
| Religion | 0 | 1 | 0 | 0 | 10 | 79 | 79.00 | 0 | 1 | 7.85 | 15.00 |
| Science - Biology | 0 | 1 | 0 | 0 | 10 | 57 | 57.00 | 0 | 1 | 0.00 | 0.00 |
| Science - Chemistry | 0 | 1 | 0 | 0 | 10 | 35 | 35.00 | 0 | 1 | 0.00 | 0.00 |
| Science - Other | 0 | 1 | 0 | 0 | 10 | 54 | 54.00 | 0 | 1 | 0.00 | 0.00 |
| Painting/Sculpture | 0 | 1 | 0 | 0 | 10 | 76 | 76.00 | 0 | 1 | 0.00 | 0.00 |
| Literature - British | 0 | 0 | 1 | 0 | -5 | 0.00 | 0 | 0 | 0.00 | 0.00 | |
| Literature - American | 0 | 0 | 1 | 0 | -5 | 0.00 | 0 | 0 | 0.29 | 7.50 | |
| Fine Arts - Classical Music | 0 | 0 | 1 | 0 | -5 | 0.00 | 0 | 0 | 0.00 | 0.00 | |
| History - American | 0 | 0 | 2 | 0 | -10 | 0.00 | 0 | 0 | 12.06 | 25.00 |